|
|
|
|
| LEADER |
00779nam a22002177a 4500 |
| 001 |
36640 |
| 003 |
BD-DhAAL |
| 005 |
20191119144415.0 |
| 008 |
191119t2000 bg a|||| |||| 00| 0 eng d |
| 999 |
|
|
|c 41847
|d 41847
|
| 040 |
|
|
|a BD-DhAAL
|
| 082 |
|
|
|a 720
|2 23
|
| 245 |
|
|
|a Sunrise architecture guide
|
| 260 |
|
|
|a Dhaka :
|b Sunrise,
|c 2000
|
| 300 |
|
|
|a 192 pages :
|b illustrations ;
|c 22 cm
|
| 526 |
|
|
|a ESS
|
| 541 |
|
|
|a Complimentary copy from Professor Dr. Nasreen Khundker
|e 36640
|
| 650 |
|
|
|a Architecture.
|9 37367
|
| 852 |
|
|
|a Ayesha Abed Library
|c General Stacks
|
| 942 |
|
|
|2 ddc
|c BK
|
| 952 |
|
|
|0 0
|1 0
|2 ddc
|4 0
|6 720_000000000000000_SUN
|7 0
|9 67200
|a BRACUL
|b BRACUL
|c GEN
|d 2019-11-19
|e Complimentary copy from Professor Dr. Nasreen Khundker
|l 0
|o 720 SUN
|p 3010036640
|r 2019-11-19
|t 1
|w 2019-11-19
|y BK
|